00711nam a22001937a 450000500170000001000150001702000260003203500130005803700130007108200160008410000270010024501430012726000350027027000820030530000300038750000660041765000220048365000120050520140218120240.0 aENG-108524 a9788186307588c450.00 aEN-92057 bDBAD/PUB a792.0954162 aMohanty, Bharat Bhusan aFolk theatre beyond boundaries : cby Bharat Bhusan Mohanty ba study of Kushan gan (western Assam) and Prahalad natak (south Odisha) /  aGuwahatibDVS Publishersc2012 aH.B. Road PanbazarbGuwahatie781001k2638295l0361-2511789mdvspub@gmail.com a169p. : c22cm (Hb)bill. aIncludes bibliographical references (p. [119]-123) and index. a Theater zIndia  z Assam.